书目信息 |
| 题名: |
材料力学
|
|
| 作者: | 孟凡深 主编 | |
| 分册: | ||
| 出版信息: | 武汉 武汉理工大学出版社 2014.06 |
|
| 页数: | 273页 | |
| 开本: | 26cm | |
| 丛书名: | ||
| 单 册: | ||
| 中图分类: | TB301 | |
| 科图分类: | ||
| 主题词: | 材料力学--cai liao li xue--高等教育--教材 | |
| 电子资源: | ||
| ISBN: | 978-7-5629-4214-6 | |
| 000 | 01116nam0 2200265 450 | |
| 001 | CAL 0120141328452 | |
| 005 | 20150803152246.60 | |
| 010 | @a978-7-5629-4214-6@dCNY34.00 | |
| 100 | @a20140805d2014 em y0chiy50 ea | |
| 101 | 0 | @achi |
| 102 | @aCN@b420000 | |
| 105 | @aak a 000yy | |
| 106 | @ar | |
| 200 | 1 | @a材料力学@Acai liao li xue@f主编孟凡深 |
| 210 | @a武汉@c武汉理工大学出版社@d2014.06 | |
| 215 | @a273页@c图@d26cm | |
| 320 | @a有书目 | |
| 330 | @a本教材涵盖了材料力学课程的基本内容, 包括轴向拉伸 (压缩) 、扭转与剪切及连接、弯曲、组合变形等变形形式的强度和刚度计算, 以及应力状态和强度理论、压杆稳定等内容, 本教材针对应力状态理论进行了较深入的分析。突出针对性、适用性和实用性, 简化理论推导, 力求深入浅出, 通俗易懂, 便于学习。每章编写有小结、习题和参考答案。 | |
| 333 | @a高等学校土木工程专业“卓越工程师”教育“十二五”规划教材 普通高等教育土木工程专业指导性规范配套“十二五”规划教材 | |
| 586 | @a | |
| 606 | 0 | @a材料力学@Acai liao li xue@x高等教育@j教材 |
| 690 | @aTB301@v5 | |
| 701 | 0 | @a孟凡深@Ameng fan shen@4主编 |
| 801 | 0 | @aCN@c20150820 |
| 905 | @a河南城建学院图书馆@dTB301@eM575@f3 | |
| 材料力学/主编孟凡深.-武汉:武汉理工大学出版社,2014.06 |
| 273页:图;26cm |
| 使用对象:高等学校土木工程专业“卓越工程师”教育“十二五”规划教材 普通高等教育土木工程专业指导性规范配套“十二五”规划教材 |
| ISBN 978-7-5629-4214-6:CNY34.00 |
| 本教材涵盖了材料力学课程的基本内容, 包括轴向拉伸 (压缩) 、扭转与剪切及连接、弯曲、组合变形等变形形式的强度和刚度计算, 以及应力状态和强度理论、压杆稳定等内容, 本教材针对应力状态理论进行了较深入的分析。突出针对性、适用性和实用性, 简化理论推导, 力求深入浅出, 通俗易懂, 便于学习。每章编写有小结、习题和参考答案。 |
| ● |
| 相关链接 |
|
|
|
正题名:材料力学
索取号:TB301/M575
 
预约/预借
| 序号 | 登录号 | 条形码 | 馆藏地/架位号 | 状态 | 备注 |
| 1 | 1161641 | 211616410 | 自科库501/501自科库 11排1列3层/ [索取号:TB301/M575] | 在馆 | |
| 2 | 1161642 | 211616429 | 自科库501/501自科库 11排1列3层/ [索取号:TB301/M575] | 在馆 | |
| 3 | 1161643 | 211616438 | 期刊室512/501自科库 11排1列3层/ [索取号:TB301/M575] | 在馆 |